Procedure and democracy (Record no. 361665)

000 -LEADER
fixed length control field 00352cam a22001337a 4500
008 - FIXED-LENGTH DATA ELEMENTS--GENERAL INFORMATION
fixed length control field 180718b1956 xxu||||| |||| 00| 0 eng d
082 ## - DEWEY DECIMAL CLASSIFICATION NUMBER
Classification number H5 C125
100 ## - MAIN ENTRY--PERSONAL NAME
Personal name Calamandrie, P.
245 ## - TITLE STATEMENT
Title Procedure and democracy
Statement of responsibility, etc. by P. Calamandrie
260 ## - PUBLICATION, DISTRIBUTION, ETC.
Place of publication, distribution, etc. N.Y.
Name of publisher, distributor, etc. New York Univ. Press
Date of publication, distribution, etc. 1956
300 ## - PHYSICAL DESCRIPTION
Extent 104p.
500 ## - GENERAL NOTE
General note $4.50
650 ## - SUBJECT ADDED ENTRY--TOPICAL TERM
Topical term or geographic name entry element Judicial Procedure
Holdings
Withdrawn status Lost status Damaged status Not for loan Permanent Location Current Location Date acquired Full call number Barcode Date last seen Price effective from Koha item type
        Indian Institute of Public Administration Indian Institute of Public Administration 1994-03-16 H5 C125 7001 2018-07-21 2018-07-21 Book

Powered by Koha